000 01195nam a2200301 i 4500
003 EG-GICUC
005 20260225123051.0
008 260225s1913 uk ||||fr|||| 00| 0 eng d
040 _aEG-GiCUC
_beng
_cEG-GiCUC
_dEG-GiCUC
_erda
082 0 4 _221
_a341.84
_bBU . A
092 0 4 _221
099 _aLaw1 12 341.84 BU . A 1913
100 1 _aBurgin, E. Leslie
_eAuthor.
245 1 0 _aAdministration of Foreign Estates :
_bAking the Principles of Private International Law Relating to the Administration of the Estates of Deceased Persons /
_cE. Leslie Burgin.
264 1 _aLondon :
_bStevens and Sons, Limited,
_c1913.
300 _a271pages :
_billustrations,
_c24 cm
336 _2rda content
_atext
337 _2rda media
_aComputer
338 _2rda carrier
_aOnline Resource
500 _a[in Two Parts.] Part I-estates of Deceased British Subjects Leaving Proferty Abroad. Part Ii-estates of Deceased Foreioners Leaving Property Within the United Kingdom.
504 _a
546 _aText in English
650 1 4 _aPrivate international law
_2
651 1 _2
856 4 0 _uhttps://fll.law.cu.edu.eg/fulltext/bks/B12-02915.pdf
905 _a50
942 _2ddc
_cBK
_e21
_n0
999 _c64208
_d64208